Kriging Methodology and Its Development in Forecasting Econometric Time Series
Predstavenie Krigingovej všeobecnej schémy v predpovedaní ekonometrických časových radov. Využitie príbuzných modelov časových radov lineárnej regresie (skrátene FDSLRM), ktoré aplikujú regresiu nie iba k trendu, ale tiež k náhodnemu komponentu pozorovaných časových radov.
Enregistré dans:
| Auteur principal: | |
|---|---|
| Autres auteurs: | , |
| Format: | Chapitre de livre |
| Langue: | anglais |
| Sujets: | |
| Tags: |
Pas de tags, Soyez le premier à ajouter un tag!
|
MARC
| LEADER | 00000nla a2200000 4500 | ||
|---|---|---|---|
| 001 | 0242250 | ||
| 005 | 20240417075136.6 | ||
| 041 | 0 | |a eng | |
| 044 | |a CZ | ||
| 245 | 1 | 0 | |a Kriging Methodology and Its Development in Forecasting Econometric Time Series |c Andrej Gajdoš, Martina Hančová, Jozef Hanč |
| 520 | |a Predstavenie Krigingovej všeobecnej schémy v predpovedaní ekonometrických časových radov. Využitie príbuzných modelov časových radov lineárnej regresie (skrátene FDSLRM), ktoré aplikujú regresiu nie iba k trendu, ale tiež k náhodnemu komponentu pozorovaných časových radov. | ||
| 610 | 2 | 0 | |a modely prognostické |
| 610 | 2 | 0 | |a modely prognostické ekonometrické |
| 610 | 2 | 0 | |a modely lineárne |
| 610 | 2 | 0 | |a modely regresné |
| 610 | 2 | 0 | |a rady časové |
| 610 | 2 | 0 | |a analýza ekonometrická |
| 610 | 2 | 0 | |a analýza radov časových |
| 610 | 2 | 0 | |a analýza regresná |
| 100 | 1 | |a Gajdoš, Andrej | |
| 700 | 1 | |a Hančová, Martina | |
| 700 | 1 | |a Hanč, Jozef | |